000 nam a22 7a 4500
999 _c8104
_d8104
008 171128b xxu||||| |||| 00| 0 eng d
100 _aCoin World
_94549
245 _aGuide to Coins
260 _aNew York
_c1973